000 01209nam a22003137a 4500
001 153
003 FISKH
005 20241126095718.0
008 230301b cb ||||| |||| 00| 0 eng d
020 _a9780439271493
040 _aDLC
_cDLC
_dDLC
_dFISKH
_beng
042 _apcc
_alcac
050 0 0 _aQL763
_b.C37 2000
082 0 0 _a591.3/9
_221
100 1 _aCarle, Eric.
245 1 0 _aDoes a kangaroo have a mother, too? /
_cby Eric Carle.
250 _a1st ed.
260 _aNew York
_bScholastic
_c2000
300 _a16 leaves of plates
_bcol. ill. ;
_c23 x 29 cm.
520 _aPresents the names of animal babies, parents, and groups, for example, a baby kangaroo is a joey, its mother is a flyer, its father is a boomer, and a group of kangaroos is a troop, mob, or herd.
521 8 _a190
_bLexile
521 8 _aF
_bRaz-Plus
650 0 _aAnimals
_xInfancy
_vJuvenile literature.
650 1 _aAnimals
_xInfancy.
856 4 2 _3Publisher description
_uhttp://www.loc.gov/catdir/description/hc043/99036147.html
856 4 2 _3Contributor biographical information
_uhttp://www.loc.gov/catdir/enhancements/fy0910/99036147-b.html
906 _a7
_bcbc
_corignew
_d1
_eocip
_f19
_gy-gencatlg
942 _2ddc
_cBK
_n0
999 _c153
_d153